<?xml version="1.0" encoding="UTF-8"?>
<record
    xmlns:xsi="http://www.w3.org/2001/XMLSchema-instance"
    xsi:schemaLocation="http://www.loc.gov/MARC21/slim http://www.loc.gov/standards/marcxml/schema/MARC21slim.xsd"
    xmlns="http://www.loc.gov/MARC21/slim">

  <leader>02778nam a22002297a 4500</leader>
  <controlfield tag="001">6688</controlfield>
  <controlfield tag="003">FISKH</controlfield>
  <controlfield tag="005">20250521093637.0</controlfield>
  <controlfield tag="008">250521b        cb ||||| |||| 00| 0 eng d</controlfield>
  <datafield tag="040" ind1=" " ind2=" ">
    <subfield code="a">FISKH</subfield>
    <subfield code="b">khr</subfield>
    <subfield code="c">FISKH</subfield>
    <subfield code="d">FISKH</subfield>
  </datafield>
  <datafield tag="082" ind1=" " ind2=" ">
    <subfield code="a">900</subfield>
  </datafield>
  <datafield tag="100" ind1=" " ind2=" ">
    <subfield code="a">Sovan Ni, Sin</subfield>
  </datafield>
  <datafield tag="245" ind1=" " ind2=" ">
    <subfield code="a">&#x1780;&#x17C6;&#x178E;&#x178F;&#x17CB;&#x178F;&#x17D2;&#x179A;&#x17B6;&#x1794;&#x17D2;&#x179A;&#x179C;&#x178F;&#x17D2;&#x178F;&#x17B7;&#x179F;&#x17B6;&#x179F;&#x17D2;&#x179A;&#x17D2;&#x178F;&#x1781;&#x17D2;&#x1798;&#x17C2;&#x179A; &#x178A;&#x17C6;&#x178E;&#x17BE;&#x179A;&#x1794;&#x17D2;&#x179A;&#x179C;&#x178F;&#x17D2;&#x178F;&#x17B7;&#x179A;&#x1794;&#x179F;&#x17CB;&#x1798;&#x17C1;&#x178A;&#x17BA;&#x1780;&#x1793;&#x17B6;&#x17C6;&#x1781;&#x17D2;&#x1798;&#x17C2;&#x179A;&#x1780;&#x17D2;&#x179A;&#x17A0;&#x1798; /</subfield>
    <subfield code="c">&#x179F;&#x17D2;&#x179A;&#x17B6;&#x179C;&#x1787;&#x17D2;&#x179A;&#x17B6;&#x179C;&#x178A;&#x1780;&#x179F;&#x17D2;&#x179A;&#x1784;&#x17CB;&#x1794;&#x17D2;&#x179A;&#x1798;&#x17BC;&#x179B;&#x179A;&#x17C0;&#x1794;&#x179A;&#x17C0;&#x1784;&#x178A;&#x17C4;&#x1799; &#x179F;&#x17BB;&#x17B7;&#x1793; &#x179F;&#x17BB;&#x179C;&#x178E;&#x17D2;&#x178E;&#x1793;&#x17B7;</subfield>
  </datafield>
  <datafield tag="260" ind1=" " ind2=" ">
    <subfield code="a">&#x1797;&#x17D2;&#x1793;&#x17C6;&#x1796;&#x17C1;&#x1789; :</subfield>
    <subfield code="c">&#x17E2;&#x17E0;&#x17E1;&#x17E2; .</subfield>
  </datafield>
  <datafield tag="300" ind1=" " ind2=" ">
    <subfield code="a">356 pges : </subfield>
    <subfield code="b">illustrations ; </subfield>
    <subfield code="c">21 cm . </subfield>
  </datafield>
  <datafield tag="520" ind1=" " ind2=" ">
    <subfield code="a">&#x1781;&#x17D2;&#x1798;&#x17C2;&#x179A;&#x1780;&#x17D2;&#x179A;&#x17A0;&#x1798;&#x178F;&#x17D2;&#x179A;&#x17BC;&#x179C;&#x1794;&#x17B6;&#x1793;&#x1794;&#x17D2;&#x179A;&#x17BE;&#x1787;&#x17B6;&#x178A;&#x17C6;&#x1794;&#x17BC;&#x1784;&#x178A;&#x17C4;&#x1799;&#x179F;&#x1798;&#x17D2;&#x178F;&#x17C1;&#x1785; &#x1793;&#x179A;&#x17C4;&#x178F;&#x17D2;&#x178F;&#x1798;&#x179F;&#x17B8;&#x17A0;&#x1793;&#x17BB;&#x200B; &#x17D4;&#x200B;&#x1793;&#x17C5;&#x1780;&#x17D2;&#x1793;&#x17BB;&#x1784;&#x1780;&#x17C6;&#x17A1;&#x17BB;&#x1784;&#x1791;&#x179F;&#x17D2;&#x179F;&#x179C;&#x178F;&#x17D2;&#x179F;&#x1786;&#x17D2;&#x1793;&#x17B6;&#x17C6;&#x17E9;&#x17E0; &#x179F;&#x1798;&#x17D2;&#x178F;&#x17C1;&#x1785;&#x1793;&#x179A;&#x17C4;&#x178F;&#x17D2;&#x178F;&#x1798;&#x179F;&#x17B8;&#x17A0;&#x1793;&#x17BB;&#x178A;&#x17C2;&#x179B;&#x1787;&#x17B6;&#x1794;&#x17D2;&#x179A;&#x1798;&#x17BB;&#x1781;&#x178A;&#x17BA;&#x1780;&#x1793;&#x17B6;&#x17C6;&#x1785;&#x179B;&#x1793;&#x17B6;&#x179F;&#x1784;&#x17D2;&#x1782;&#x1798;&#x179A;&#x17B6;&#x179F;&#x17D2;&#x179A;&#x17D2;&#x178F;&#x1793;&#x17B7;&#x1799;&#x1798; &#x1794;&#x17B6;&#x1793;&#x1792;&#x17D2;&#x179C;&#x17BE;&#x1780;&#x17B6;&#x179A;&#x1794;&#x17C2;&#x1784;&#x1785;&#x17C2;&#x1780;&#x1781;&#x17D2;&#x1798;&#x17C2;&#x179A;&#x1787;&#x17B6;&#x1794;&#x17B8;&#x1796;&#x178E;&#x17CF;&#x1799;&#x17C4;&#x1784;&#x1791;&#x17C5;&#x178F;&#x17B6;&#x1798; &#x1793;&#x17B7;&#x1793;&#x17D2;&#x1793;&#x17B6;&#x1780;&#x17B6;&#x179A;&#x1793;&#x1799;&#x17C4;&#x1794;&#x17B6;&#x1799;&#x179A;&#x1794;&#x179F;&#x17CB;&#x1796;&#x17BD;&#x1780;&#x1782;&#x17C1; &#x1782;&#x17B8; &#x1781;&#x17D2;&#x1798;&#x17C2;&#x179A; &#x179F; &#x179F;&#x17C6;&#x178A;&#x17C5;&#x179B;&#x17BE;&#x1781;&#x17D2;&#x1798;&#x17C2;&#x179A;&#x17A2;&#x17D2;&#x1793;&#x1780;&#x179A;&#x17B6;&#x1787;&#x17B6;&#x1793;&#x17B7;&#x1799;&#x1798; , &#x1781;&#x17D2;&#x1798;&#x17C2;&#x179A;&#x1781;&#x17C0;&#x179C;&#x1787;&#x17B6;&#x1781;&#x17D2;&#x1798;&#x17C2;&#x179A;&#x17A2;&#x17D2;&#x1793;&#x1780;&#x179F;&#x17B6;&#x1792;&#x17B6;&#x179A;&#x178E;&#x179A;&#x178A;&#x17D2;&#x178B;&#x1793;&#x17B7;&#x1799;&#x1798; &#x1793;&#x17B7;&#x1784;&#x200B; &#x1781;&#x17D2;&#x1798;&#x17C2;&#x179A;&#x1780;&#x17D2;&#x179A;&#x17A0;&#x1798; &#x1782;&#x17B8;&#x1780;&#x17D2;&#x179A;&#x17BB;&#x1798;&#x1781;&#x17D2;&#x1798;&#x17C2;&#x179A;&#x1780;&#x17BB;&#x1798;&#x17D2;&#x1798;&#x17BB;&#x1799;&#x1793;&#x17B8;&#x179F;&#x17D2;&#x178F;&#x1793;&#x17B7;&#x1799;&#x1798;&#x17D4; &#x1794;&#x17C9;&#x17BB;&#x1793;&#x17D2;&#x178F;&#x17C2;&#x1796;&#x17B8;&#x178A;&#x17C6;&#x1794;&#x17BC;&#x1784; &#x1796;&#x17B6;&#x1780;&#x17D2;&#x1799;&#x1790;&#x17B6; &#x1781;&#x17D2;&#x1798;&#x17C2;&#x179A;&#x1780;&#x17D2;&#x179A;&#x17A0;&#x1798;&#x1793;&#x17C1;&#x17C7; &#x178F;&#x17D2;&#x179A;&#x17BC;&#x179C;&#x1794;&#x17B6;&#x1793;&#x1794;&#x17D2;&#x179A;&#x17BE;&#x178A;&#x17C4;&#x1799;&#x179F;&#x17C6;&#x178A;&#x17C5;&#x1791;&#x17C5;&#x179B;&#x17BE;&#x1780;&#x17D2;&#x179A;&#x17BB;&#x1798;&#x1786;&#x17D2;&#x179C;&#x17C1;&#x1784;&#x1793;&#x17B7;&#x1799;&#x1798; &#x1793;&#x17C5;&#x1780;&#x17D2;&#x1793;&#x17BB;&#x1784;&#x1785;&#x179B;&#x1793;&#x17B6;&#x179F;&#x1784;&#x17D2;&#x1782;&#x1798;&#x179A;&#x17B6;&#x179F;&#x17D2;&#x179A;&#x17D2;&#x178F;&#x1793;&#x17B7;&#x1799;&#x1798;&#x179A;&#x1794;&#x179F;&#x17CB;&#x1796;&#x17D2;&#x179A;&#x17C7;&#x17A2;&#x1784;&#x17D2;&#x1782;&#x1795;&#x17D2;&#x1791;&#x17B6;&#x179B;&#x17CB;&#x200B;&#x17D4;&#x200B;</subfield>
  </datafield>
  <datafield tag="520" ind1=" " ind2=" ">
    <subfield code="a">The term Khmer Rouge was first used by Samdech Norodom Sihanouk. During the 1990s, Samdech Norodom Sihanouk, who was the leader of the National United Front of Kampuchea (FUNK), categorized the Khmer people into three color-coded groups based on their political leanings:

Khmer Serei (White Khmer) referred to royalist supporters,

Khmer Khiev (Blue Khmer) referred to republicans,

and Khmer Krahom (Red Khmer) referred to communists.

However, from the beginning, the term Khmer Rouge was specifically used by Prince Sihanouk to refer to leftist elements within his own National United Front movement.</subfield>
  </datafield>
  <datafield tag="650" ind1=" " ind2=" ">
    <subfield code="a">&#x1781;&#x17D2;&#x1798;&#x17C2;&#x179A;&#x1780;&#x17D2;&#x179A;&#x17A0;&#x1798; </subfield>
  </datafield>
  <datafield tag="650" ind1=" " ind2=" ">
    <subfield code="a">Khmer Rough </subfield>
  </datafield>
  <datafield tag="942" ind1=" " ind2=" ">
    <subfield code="2">ddc</subfield>
    <subfield code="c">KHB</subfield>
    <subfield code="n">0</subfield>
  </datafield>
  <datafield tag="999" ind1=" " ind2=" ">
    <subfield code="c">6688</subfield>
    <subfield code="d">6688</subfield>
  </datafield>
  <datafield tag="952" ind1=" " ind2=" ">
    <subfield code="0">0</subfield>
    <subfield code="1">0</subfield>
    <subfield code="2">ddc</subfield>
    <subfield code="4">0</subfield>
    <subfield code="7">0</subfield>
    <subfield code="8">KH</subfield>
    <subfield code="a">002</subfield>
    <subfield code="b">002</subfield>
    <subfield code="c">SKB</subfield>
    <subfield code="d">2025-05-21</subfield>
    <subfield code="l">0</subfield>
    <subfield code="o">SOV 900</subfield>
    <subfield code="p">FIS03908</subfield>
    <subfield code="r">2025-05-21 09:36:33</subfield>
    <subfield code="w">2025-05-21</subfield>
    <subfield code="y">KHB</subfield>
  </datafield>
</record>
